Obsahové zaměření publikovaných prací ÚÚNV za rok 1987

Gespeichert in:
Bibliographische Detailangaben
Format: Buch
Sprache:Tschechisch
Veröffentlicht: Praha Ústřední ústav národohospodářského výzkumu 1988
Tags: Tag hinzufügen
Keine Tags, Fügen Sie das erste Tag hinzu!

MARC

LEADER 00000nam a2200000 4500
001 c027907
005 20250526093208.5
041 0 |a cze 
044 |a CZ 
245 1 0 |a Obsahové zaměření publikovaných prací ÚÚNV za rok 1987 
264 1 |a Praha  |b Ústřední ústav národohospodářského výzkumu  |c 1988 
300 |a 85 s.